ECONOMIC IMPLICATIONS OF VEHICLE OVERLOADING (Record no. 531677)
[ view plain ]
| 000 -LEADER | |
|---|---|
| fixed length control field | 00391nam a22001577a 4500 |
| 003 - CONTROL NUMBER IDENTIFIER | |
| control field | NUST |
| 005 - DATE AND TIME OF LATEST TRANSACTION | |
| control field | 20191023120156.0 |
| 008 - FIXED-LENGTH DATA ELEMENTS--GENERAL INFORMATION | |
| fixed length control field | 191023b ||||| |||| 00| 0 eng d |
| 038 ## - RECORD CONTENT LICENSOR | |
| Staff Name | MSOHAIL |
| 082 ## - DEWEY DECIMAL CLASSIFICATION NUMBER | |
| Classification number | 0 |
| 100 ## - MAIN ENTRY--PERSONAL NAME | |
| Personal name | ABDUL MAJEED |
| 9 (RLIN) | 24628 |
| 245 ## - TITLE STATEMENT | |
| Title | ECONOMIC IMPLICATIONS OF VEHICLE OVERLOADING |
| 260 ## - PUBLICATION, DISTRIBUTION, ETC. | |
| Place of publication, distribution, etc. | Islamabad |
| Name of publisher, distributor, etc. | NTRC |
| Date of publication, distribution, etc. | 1984 |
| 300 ## - PHYSICAL DESCRIPTION | |
| Extent | 106,p; |
| Dimensions | 25cm |
| Accompanying material | H/B |
| 942 ## - ADDED ENTRY ELEMENTS (KOHA) | |
| Source of classification or shelving scheme | |
| Koha item type | Book |
| Withdrawn status | Lost status | Source of classification or shelving scheme | Damaged status | Not for loan | Permanent Location | Current Location | Date acquired | Source of acquisition | Barcode | Date last seen | Price effective from | Koha item type |
|---|---|---|---|---|---|---|---|---|---|---|---|---|
| School of Civil and Environmental Engineering (SCEE) | School of Civil and Environmental Engineering (SCEE) | 10/23/2019 | NIT | NIT-11593 | 10/23/2019 | 10/23/2019 | Report | |||||
| School of Civil and Environmental Engineering (SCEE) | School of Civil and Environmental Engineering (SCEE) | 10/23/2019 | NIT | NIT-11594 | 10/23/2019 | 10/23/2019 | Report |
